000 00865cas a2200217 a 4500
022 _a0459-7222
082 0 0 _a382.170355
_bBRA
_cD
082 0 4 _a355.2
245 0 4 _aThe military balance.
260 _aLondon :
_bInstitute for Strategic Studies,
_c1963-
300 _av. :
_bill. ;
_c25 cm.
500 _aPublished: London : International Institute for Strategic Studies, 1972-1988; Washington, D.C. : Brassey's Inc. for the IISS, 1989-<1992/1993>; Oxford [U.K.] : Oxford University Press for the IISS, <1994/1995->
526 _a0
_b0
_c0
_d382_170355000000000_BRA
590 _aSERBIB/SERLOC merged record
650 0 _aArmed Forces
_938329
650 1 7 _aKrijgsmacht.
_938330
650 1 7 _aMCE
_9379
710 2 _aInstitute for Strategic Studies (London, England)
_938331
710 2 _aInternational Institute for Strategic Studies.
_938332
942 _2ddc
_cBK
999 _c542952
_d542952